Осенью: рассказы

Podrobná bibliografie
Hlavní autor: Шукшин В. М. Василий Макарович
Další autoři: Раменский В. (иллюстратор)
Jazyk:ruština
Vydáno: Барнаул, Алтайское кн. изд-во, 1976
Vydání:переиздание
Témata:
Médium: MixedMaterials Kniha
KOHA link:https://koha.lib.tpu.ru/cgi-bin/koha/opac-detail.pl?biblionumber=153112

MARC

LEADER 00000nam0a2200000 4500
001 153112
005 20231101221653.0
035 |a (RuTPU)RU\TPU\book\166113 
090 |a 153112 
100 |a 20090209d1976 m y0rusy50 ca 
101 0 |a rus 
102 |a RU 
105 |a a z 000ay 
200 1 |a Осенью  |e рассказы  |f В. М. Шукшин  |g худож. В. Раменский 
205 |a переиздание 
210 |a Барнаул  |c Алтайское кн. изд-во  |d 1976 
215 |a 328 с.  |c портр., ил. 
610 1 |a советская литература 
610 1 |a рассказы 
675 |a Р2  |v 3 
700 1 |a Шукшин  |b В. М.  |c русский писатель  |c актер  |c кинорежиссер  |f 1929-1974  |g Василий Макарович  |2 stltpush  |3 (RuTPU)RU\TPU\pers\1020  |9 451 
702 1 |a Раменский  |b В.  |4 440 
801 1 |a RU  |b 63413507  |c 20090209  |g PSBO 
942 |c BK